| 000 | 00545cam a2200193 4500 | ||
|---|---|---|---|
| 001 | D3916 | ||
| 008 | 090401t1981 xxu||||| |||| 00| 0 eng d | ||
| 035 | _a(Sirsi) u75538 | ||
| 041 | _aeng | ||
| 050 | _a338.4369 | ||
| 100 | _aFreeman, I.L. | ||
| 245 | _aComparative studies of the construction industries in Great Britain and North America: a review | ||
| 260 |
_aGarston, Watford _bBuilding Research Establishment _c1981 |
||
| 300 | _a20p. 30cm | ||
| 350 | _a0 | ||
| 490 |
_aBRE Current Paper _v5/81 |
||
| 942 | _n0 | ||
| 948 | _c04/03/1997 | ||
| 999 |
_c96035 _d96035 |
||